| 000 | 00555nam a22001817a 4500 | ||
|---|---|---|---|
| 005 | 20251108172510.0 | ||
| 008 | 250721s1997 xx 000 0 ara d | ||
| 082 | 1 | 4 | _a127/ يون |
| 100 | 1 |
_aيونغ، كارل غوستاف _eمؤلف |
|
| 245 | 1 | 0 | _aجدلية الأنا و اللاوعي / |
| 264 | 1 |
_aاللاذقية : _bدار الحوار للنشر و التوزيع، _c1997. |
|
| 300 | _a200ص. | ||
| 650 | 1 | 7 | _aعلم النفس |
| 650 | 1 | 7 | _aاللاوعي |
| 700 | 1 |
_aمحسن، نبيل _eTran. |
|
| 942 |
_2ddc _cBK |
||
| 999 |
_c80912 _d80912 |
||